|
|
|
|
| LEADER |
00000cam a2200000 7i4500 |
| 001 |
0000035549 |
| 005 |
20130509.0 |
| 008 |
130509 |
| 020 |
|
|
|a 8171698530(set)
|
| 090 |
0 |
0 |
|a 004
|b DEV
|
| 100 |
1 |
|
|a Dr.Vasu Deva.
|
| 245 |
1 |
0 |
|a Encyclopaedia of information technology and e - world
|c Deva Dr. Vasu.
|
| 260 |
|
|
|a Delhi :
|b Ajay Verma ,
|c 2004
|
| 440 |
|
0 |
|a Volume (set) 1,2,3,4,5,6,7,8,9 & 10
|
| 500 |
|
|
|
| 650 |
|
0 |
|a Information
|x technology.
|
| 999 |
|
|
|a 0001022195
|b Book
|c REFERENCE
|e Perbadanan Perpustakaan Awam Johor
|
| 999 |
|
|
|a 0001022196
|b Book
|c REFERENCE
|e Perbadanan Perpustakaan Awam Johor
|
| 999 |
|
|
|a 0001022197
|b Book
|c Adult Collection
|e Perbadanan Perpustakaan Awam Johor
|
| 999 |
|
|
|a 0001022198
|b Book
|c Adult Collection
|e Perbadanan Perpustakaan Awam Johor
|
| 999 |
|
|
|a 0001022199
|b Book
|c Adult Collection
|e Perbadanan Perpustakaan Awam Johor
|
| 999 |
|
|
|a 0001022200
|b Book
|c REFERENCE
|e Perbadanan Perpustakaan Awam Johor
|
| 999 |
|
|
|a 0001022201
|b Book
|c REFERENCE
|e Perbadanan Perpustakaan Awam Johor
|
| 999 |
|
|
|a 0001022204
|b Book
|c Adult Collection
|e Cawangan Urban Transformation Centre
|
| 999 |
|
|
|a 0001022205
|b Book
|c Adult Collection
|e Cawangan Urban Transformation Centre
|
| 999 |
|
|
|a 0001022206
|b Book
|c Adult Collection
|e Perbadanan Perpustakaan Awam Johor
|
| 999 |
|
|
|a 0001279752
|b Book
|c Adult Collection
|e Cawangan Taman Sri Lambak
|
| 999 |
|
|
|a 0001279754
|b Book
|c Adult Collection
|e Cawangan Bandar Tenggara
|
| 999 |
|
|
|a 0001279755
|b Book
|c Adult Collection
|e Cawangan Taman Sri Lambak
|
| 999 |
|
|
|a 0001279756
|b Book
|c Adult Collection
|e Cawangan Segamat
|
| 999 |
|
|
|a 0001279757
|b Book
|c Adult Collection
|e Cawangan Tmn. Ungku Tun Aminah
|
| 999 |
|
|
|a 0001279758
|b Book
|c Adult Collection
|e Cawangan Tangkak
|